000 01684nam a2200457 i 4500
001 91093
003 FlNmELB
005 20241217172008.0
006 m o d |
007 cr cnu||||||||
008 150128s2012 sp ob 000 0 spa d
020 _a9788490290071
020 _a9788490296622 (e book)
035 _a(MiAaPQ)EBC3207836
035 _a(Au-PeEL)EBL3207836
035 _a(CaPaEBR)ebr10647098
035 _a(OCoLC)1105485911
040 _aFINmELB
_bspa
_erda
_cFINmELB
050 4 _aR118
_bM4911 2012
080 _a316.77:61
082 0 _a610.696
_223
100 1 _aMedina Aguerrebere, Pablo.
245 1 0 _aComunicar y curar :
_bun desafío para pacientes y profesionales sanitarios /
_cPablo Medina Aguerrebere.
264 1 _aBarcelona :
_bEditorial UOC,
_c2012.
300 _a1 recurso en línea (182 páginas)
336 _atexto
_btxt
_2rdacontent/spa
337 _acomputadora
_bc
_2rdamedia/spa
338 _arecurso en línea
_bcr
_2rdacarrier/spa
490 1 _aCiencias de la salud
504 _aContiene bibliografía.
588 _aDescripción basada en recurso en línea; Título de la página del título en PDF (e-libro, visto Januar 28, 2015).
590 _aRecurso electrónico. Santa Fe, Arg.: e-libro, 2015. Disponible vía World Wide Web. El acceso puede estar limitado para las bibliotecas afiliadas a e-libro.
650 0 _aCommunication in medicine.
650 0 _aPhysician and patient.
650 4 _aMedicina.
650 4 _aComuniación.
655 4 _aLibros electrónicos.
797 2 _ae-libro, Corp.
830 0 _aCiencias de la salud.
856 4 0 _uhttps://elibro.net/ereader/politecnicointernacional/56623
999 _c91093
_d91093